000 01425cam a2200325 a 4500
001 2746
005 20240112100527.0
020 _a9781416949008 (reinforced) :
_c$24.99
020 _a1416949003 (reinforced) :
_c$24.99
040 _aDLC
_cDLC
_dBTCTA
_dOCO
_dTEF
_dVP@
_dYBM
_dDLC
_beng
050 0 0 _aE61
_b.M267 2009
082 0 0 _a970.01
_222
100 1 _aMann, Charles C.
245 1 0 _aBefore Columbus :
_bthe Americas of 1491 /
_cCharles C. Mann.
250 _aFirst Scholastic printing, October 2010
260 _aNew York :
_bAtheneum Books for Young Readers,
_c2009
300 _a116 pages :
_bcolor illustrations ; color maps ;
_c23x23 cm
505 0 _aZ
520 _aThis study of Native American societies is adapted for younger readers from Charles C. Mann's best-selling 1491. Turning conventional wisdom on its head, the book argues that the people of North and South America lived in enormous cities, raised pyramids hundreds of years before the Egyptians did, engineered corn, and farmed the rainforests.
521 8 _a1080
_bLexile
521 8 _aZ
_bRaz-Plus
650 0 _aIndians
_xOrigin
_vJuvenile literature.
650 0 _aIndians
_xHistory
_vJuvenile literature.
650 0 _aIndians
_xAntiquities
_vJuvenile literature.
650 1 _aIndians
_xOrigin.
650 1 _aIndians
_xHistory.
650 1 _aIndians
_xAntiquities.
906 _a7
_bcbc
_corignew
_d1
_eecip
_f20
_gy-gencatlg
942 _2ddc
_cBK
_n0
999 _c2746
_d2746